The invention of the real /

Bibliographic Details
Main Author: Stern, Richard, 1928-2013
Format: Book
Language:English
Published: Athens, Ga. : University of Georgia Press, [1982]

MARC

Tag First Indicator Second Indicator Subfields
LEADER 00000pam a2200000 a 4500
001 in00000077131
005 20151008060537.0
008 810601s1982 gau b s00010 eng
010 |a  81010466  
020 |a 0820305898 
035 |a (OCoLC)07572933 
035 |9 AAJ5995AM 
039 0 |a 2  |b 3  |c 3  |d 3  |e 3 
040 |a DLC  |c DLC  |d TXA  |d UtOrBLW 
049 |a TXAM  |c [1362131] 
050 0 0 |a PS3569.T39  |b A16 1982 
082 0 |a 818/.5403  |2 19 
100 1 |a Stern, Richard,  |d 1928-2013. 
245 1 4 |a The invention of the real /  |c Richard Stern. 
264 1 |a Athens, Ga. :  |b University of Georgia Press,  |c [1982] 
264 4 |c ©1982 
300 |a xiii, 233 pages ;  |c 23 cm. 
336 |a text  |b txt  |2 rdacontent 
337 |a unmediated  |b n  |2 rdamedia 
338 |a volume  |b nc  |2 rdacarrier 
504 |a Includes bibliographical references. 
999 |a MARS 
999 f f |s 44032ed7-6383-30f9-b717-b4b570f75ed0  |i e4f2d576-dbef-347b-bd6f-41d091dc4348  |t 0 
952 f f |p ric  |a Texas A&M University  |b Rellis Campus  |c Joint Library Facility  |d Remote Storage  |t 0  |e PS3569.T39 A16 1982  |h Library of Congress classification  |i unmediated -- volume  |m A14806193468 
998 f f |a PS3569.T39 A16 1982  |t 0  |l Remote Storage